000 00440nam a2200181Ia 4500
001 22530
005 20260414150837.0
008 260414t2009||||xx |||||||||||||| ||spa||
041 _aESP
082 _a621.382
_bE84
100 _aEspí López, José
_eAUT
245 0 _aProblemas resueltos de teoría de redes
_b
260 _c2009
300 _a391 páginas :
_c24 cm.
650 _aTCA
654 _aCET
942 _cLIB
_dJUS
_fJUS
_2ddc
_n
999 _c22530
_d22530